History by Images - 'B' - Statistics

General Stats
  • This quiz has been taken 104 times
  • The average score is 10 of 16
Answer Stats
Picture Hint Answer % Correct
Symbol of Cold War Berlin Wall
97%
1345 pandemic Bubonic Plague
92%
Prison destroyed in 1789 Bastille
90%
1773 'party' Boston Tea Party
90%
Ancient City Babylon
85%
October Revolution victors Bolsheviks
79%
Empire British Empire
76%
Il Duce Benito Mussolini
73%
'Palace of Westminster' replacement Big Ben
72%
Iceni tribe queen Boudica
60%
Oldest University Bologna
59%
White Russia Belarus
58%
Offensive against Soviet Union Barbarossa
35%
Ardennes Offensive Battle of the Bulge
34%
Portuguese Explorer Bartolomeu Dias
12%
Site of Hussite Revolution Bohemia
10%
No matching quizzes found
Score Distribution
Percent of People with Each Score
Percentile by Number Answered
Your Score History
You have not taken this quiz